000 00708nam a2200241Ia 4500
005 20221121095545.0
008 131103s9999 xx 000 0 und d
020 _a582781949
040 _aLoreto College
041 _aEnglish
082 _a821.7
_bSHE-MAC
100 _aShelley, Percy Bysshe
245 _aSelected poems
_cPercy Bysshe Shelley;notes by Alasdair D.F.Mocroe
260 _aBurntmill
_bLongman
_c1983
300 _a 21 cm.
504 _aIncludes bibliographical references
630 _aShelley,Percy, Bysshe - Poems - Critical Study
650 _aShelley,Percy,Bysshe,1792 - 1822
651 _aEnglish Poetry
700 _aMacrae,Alasdair, D.F.
850 _aLCLIB
942 _cBK
999 _c5973
_d56452